|
|
|
|
| LEADER |
00000nab a2200000 a 4500 |
| 001 |
vtls000872493 |
| 003 |
SK-MaSNL |
| 005 |
20260305035436.0 |
| 008 |
250429c2003 xo 0 slo |
| 015 |
|
|
|a SNBRB2004/05-15093
|
| 035 |
|
|
|a CLN000224045
|
| 035 |
|
|
|a urn:nbn:sk:snk-ab71q5
|
| 035 |
|
|
|a (uuid)90cd4d7f-7177-436a-9331-10fa892f731a
|
| 035 |
|
|
|a (urnnbn)urn:nbn:sk:snk:ar-a06mgj
|
| 035 |
|
|
|a (sysno)vtls000872493
|
| 040 |
|
|
|a SNKBUCL
|b slo
|c SNKBUCL
|e AACR2
|
| 041 |
0 |
|
|a slo
|
| 044 |
|
|
|a xo
|c SK
|
| 080 |
|
|
|a 577.161.2:616-097:612.112:061.3
|2 1997
|
| 245 |
0 |
0 |
|a Vitamín D ako imunomodulátor pri autoimunitných chorobách a orgánových rejekciach aloštepu
|c E. Jahnová ... [et al.]
|
| 650 |
0 |
7 |
|a adjuvanciá imunologické
|2 MESH
|9 20979
|
| 650 |
0 |
7 |
|a choroby autoimunitné
|2 MESH
|9 845673
|
| 650 |
0 |
7 |
|a rejekcia
|2 MESH
|9 259689
|
| 650 |
0 |
7 |
|a vitamín D
|2 MESH
|9 50549
|
| 650 |
0 |
7 |
|a dendritové bunky
|2 MESH
|9 259692
|
| 650 |
0 |
7 |
|a podskupiny lymfocytov
|2 MESH
|9 1431760
|
| 655 |
|
7 |
|a články z novín a časopisov
|2 snkbucl
|9 267496
|
| 700 |
1 |
|
|a Horváthová, M.
|4 aut
|9 679427
|
| 700 |
1 |
|
|a Jahnová, Eva,
|d 1946-
|4 aut
|9 197985
|
| 700 |
1 |
|
|a Ilavská, S.
|4 aut
|9 931772
|
| 700 |
1 |
|
|a Dzúrik, Rastislav,
|d 1929-2014
|4 aut
|9 13378
|
| 700 |
1 |
|
|a Štefíková, Kornélia,
|d 1962-
|4 aut
|9 622500
|
| 773 |
0 |
|
|t Klinická imunológia a alergológia
|g Roč. 13, č. 3 (2003), s. 16, 18
|x 1335-0013
|
| 850 |
|
|
|a Slovenská národná knižnica
|
| 852 |
|
|
|a Slovenská národná knižnica
|
| 954 |
|
|
|a odborná, vedecká literatúra pôvodná (slovenská)
|2 lita
|
| 958 |
|
|
|a article2022
|
| 958 |
|
|
|a MI
|
| 958 |
|
|
|a OND
|
| 958 |
|
|
|a EUIPO
|
| 999 |
|
|
|c 3333856
|d 3335786
|